<?xml version="1.0" encoding="UTF-8"?>
<record
    xmlns:xsi="http://www.w3.org/2001/XMLSchema-instance"
    xsi:schemaLocation="http://www.loc.gov/MARC21/slim http://www.loc.gov/standards/marcxml/schema/MARC21slim.xsd"
    xmlns="http://www.loc.gov/MARC21/slim">

  <leader>01261nam a22003137a 4500</leader>
  <controlfield tag="001">BRCA_9251</controlfield>
  <controlfield tag="003">FranzMayer</controlfield>
  <controlfield tag="005">20230717135705.0</controlfield>
  <controlfield tag="008">230712b        |||||||| |||| 00| 0 eng d</controlfield>
  <datafield tag="020" ind1=" " ind2=" ">
    <subfield code="a">9780197682296</subfield>
  </datafield>
  <datafield tag="040" ind1=" " ind2=" ">
    <subfield code="a">MFM</subfield>
    <subfield code="b">esp</subfield>
    <subfield code="c">MFM</subfield>
  </datafield>
  <datafield tag="041" ind1=" " ind2=" ">
    <subfield code="a">esp</subfield>
  </datafield>
  <datafield tag="050" ind1=" " ind2="0">
    <subfield code="a">F1231</subfield>
    <subfield code="b">R63 2023</subfield>
  </datafield>
  <datafield tag="100" ind1="1" ind2=" ">
    <subfield code="a">Rodr&#xED;guez Alegr&#xED;a, Enrique</subfield>
    <subfield code="9">28675</subfield>
  </datafield>
  <datafield tag="110" ind1="1" ind2=" ">
    <subfield code="a">Oxford</subfield>
    <subfield code="9">28676</subfield>
  </datafield>
  <datafield tag="240" ind1="1" ind2=" ">
    <subfield code="a">How to Make a New Spain</subfield>
    <subfield code="h">The Material Worlds of Colonial Mexico City</subfield>
  </datafield>
  <datafield tag="245" ind1="0" ind2=" ">
    <subfield code="a">How to Make a New Spain</subfield>
    <subfield code="b">The Material Worlds of Colonial Mexico City</subfield>
  </datafield>
  <datafield tag="260" ind1=" " ind2=" ">
    <subfield code="a">New York, United States of America</subfield>
    <subfield code="b">Oxford</subfield>
    <subfield code="c">2023</subfield>
  </datafield>
  <datafield tag="300" ind1=" " ind2=" ">
    <subfield code="a">323 p</subfield>
    <subfield code="b">ilustraciones</subfield>
    <subfield code="c">25 cm</subfield>
  </datafield>
  <datafield tag="500" ind1=" " ind2=" ">
    <subfield code="a">L60/N5</subfield>
  </datafield>
  <datafield tag="504" ind1=" " ind2=" ">
    <subfield code="a">Bibliograf&#xED;a aparece bajo el nombre de &#xED;ndice y se encuentra con materiales como descripci&#xF3;n de las im&#xE1;genes y tablas de resumen</subfield>
  </datafield>
  <datafield tag="505" ind1="0" ind2=" ">
    <subfield code="a">Destinado a: historiadores, investigadoresIncluye &#xED;ndice (tem&#xE1;tico)Bibliograf&#xED;a: 285-307</subfield>
  </datafield>
  <datafield tag="600" ind1="1" ind2=" ">
    <subfield code="a">Rodr&#xED;guez Alegr&#xED;a, Enrique</subfield>
    <subfield code="9">28677</subfield>
  </datafield>
  <datafield tag="650" ind1="1" ind2=" ">
    <subfield code="2">Historia de M&#xE9;xico</subfield>
    <subfield code="a">Nueva Espa&#xF1;a</subfield>
    <subfield code="9">28835</subfield>
  </datafield>
  <datafield tag="651" ind1="2" ind2=" ">
    <subfield code="2">Latinoam&#xE9;rica-M&#xE9;xico-Ciudad de M&#xE9;xico</subfield>
    <subfield code="a">Nueva Espa&#xF1;a</subfield>
    <subfield code="y">1535-1821</subfield>
    <subfield code="9">28678</subfield>
  </datafield>
  <datafield tag="700" ind1="1" ind2=" ">
    <subfield code="a">Rodr&#xED;guez Alegr&#xED;a, Enrique</subfield>
    <subfield code="9">28675</subfield>
  </datafield>
  <datafield tag="710" ind1="1" ind2=" ">
    <subfield code="a">Oxford University Press</subfield>
    <subfield code="9">28679</subfield>
  </datafield>
  <datafield tag="942" ind1=" " ind2=" ">
    <subfield code="2">lcc</subfield>
    <subfield code="c">B</subfield>
  </datafield>
  <datafield tag="999" ind1=" " ind2=" ">
    <subfield code="c">10870</subfield>
    <subfield code="d">10870</subfield>
  </datafield>
  <datafield tag="952" ind1=" " ind2=" ">
    <subfield code="0">0</subfield>
    <subfield code="1">0</subfield>
    <subfield code="2">lcc</subfield>
    <subfield code="4">0</subfield>
    <subfield code="7">0</subfield>
    <subfield code="8">FCON</subfield>
    <subfield code="a">BRCA</subfield>
    <subfield code="b">BRCA</subfield>
    <subfield code="d">2023-07-12</subfield>
    <subfield code="e">Donaci&#xF3;n</subfield>
    <subfield code="l">0</subfield>
    <subfield code="o">F1231 R63 2023</subfield>
    <subfield code="p">CONT10047</subfield>
    <subfield code="r">2023-07-12 00:00:00</subfield>
    <subfield code="t">1</subfield>
    <subfield code="w">2023-07-12</subfield>
    <subfield code="y">B</subfield>
  </datafield>
</record>
